[Event "4NCL chT 1995/96 3rd"]
[Site "Various"]
[Date "1995.11.26"]
[Round "2.78"]
[White "Richmond, Jane"]
[Black "Houska, Jovanka"]
[Result "1-0"]
[WhiteElo "2180"]
[BlackElo "2015"]
[PlyCount "159"]
[EventDate "1995.11.25"]
[EventType "team-tourn"]
[EventRounds "13"]
[EventCountry "GBR"]
[SourceTitle "BritBase"]
[Source "britbase.info"]
[SourceDate "2021.07.30"]
[SourceVersion "1"]
[SourceVersionDate "2021.07.30"]
[SourceQuality "1"]
[WhiteTeam "South Wales Dragons"]
[BlackTeam "Slough"]
[WhiteTeamCountry "ENG"]
[BlackTeamCountry "ENG"]

1. e4 d5 2. exd5 Nf6 3. Nf3 Nxd5 4. d4 Bg4 5. Be2 e6 6. O-O c6 7. c4 Nf6 8. Nc3
Be7 9. a3 O-O 10. Be3 Nbd7 11. b4 Qc7 12. Qb3 a6 13. Rac1 e5 14. d5 e4 15. Nd4
Bxe2 16. Ncxe2 Ng4 17. Bf4 Bd6 18. Qg3 Bxf4 19. Nxf4 Ndf6 20. dxc6 bxc6 21. c5
Rad8 22. Nf5 Qe5 23. Nd6 h5 24. Ne2 Qb2 25. Nc3 Qxa3 26. h3 Nh6 27. Ncxe4 Qb2
28. Rc4 Nd5 29. Qg5 Qe2 30. Ng3 f6 31. Qxg7+ Kxg7 32. Nxe2 Rb8 33. Nd4 Kg6 34.
Nxc6 Ra8 35. Rd1 Nc7 36. Ne7+ Kg7 37. Rh4 Ne6 38. Rxh5 a5 39. b5 a4 40. Rd3 a3
41. Rd1 a2 42. Ra1 Nd4 43. Ndf5+ Nhxf5 44. Nxf5+ Nxf5 45. Rxf5 Ra5 46. c6 Kg6
47. Rc5 Rb8 48. c7 Rc8 49. Rc6 Rxb5 50. Rxa2 Rb7 51. Rac2 Kf7 52. f4 Rb4 53.
R2c4 Rb2 54. Kh2 Rb7 55. Kg3 Rb2 56. Rc2 Rb3+ 57. R6c3 Rb6 58. Kf3 Ke7 59. g4
Kf7 60. h4 Rb1 61. Rc5 Re1 62. g5 Kg6 63. Rc6 Rf1+ 64. Kg3 Rg1+ 65. Kf2 Rh1 66.
Rxf6+ Kh5 67. Kg2 Rb1 68. Rd6 Rb7 69. Rd7 Kxh4 70. Kf3 Rb3+ 71. Ke4 Rb7 72.
Rh7+ Kg3 73. Rc3+ Kg4 74. Rc4 Rb5 75. Rd7 Rb1 76. Kd5 Kf5 77. Kc6 Ke6 78. Rd8
Rbb8 79. Rxc8 Rxc8 80. Kb7 {Source: South Wales Dragons} 1-0

[Event "4NCL chT 1995/96 3rd"]
[Site "Various"]
[Date "1996.01.20"]
[Round "3.21"]
[White "Kosten, Anthony C"]
[Black "Mestel, A Jonathan"]
[Result "1-0"]
[WhiteElo "2540"]
[BlackElo "2515"]
[PlyCount "62"]
[EventDate "1995.11.25"]
[EventType "team-tourn"]
[EventRounds "13"]
[EventCountry "GBR"]
[SourceTitle "BritBase"]
[Source "britbase.info"]
[SourceDate "2021.07.30"]
[SourceVersion "1"]
[SourceVersionDate "2021.07.30"]
[SourceQuality "1"]
[WhiteTeam "Slough"]
[BlackTeam "British Chess Magazine"]
[WhiteTeamCountry "ENG"]
[BlackTeamCountry "ENG"]

1. c4 g6 2. Nc3 c5 3. g3 Bg7 4. Bg2 Nc6 5. a3 h5 6. Nf3 d6 7. h3 Nh6 8. e4 O-O
9. d3 f5 10. Nh4 Kh7 11. exf5 Bxf5 12. Nxf5 Nxf5 13. g4 Nh4 14. Be4 Bd4 15. f4
e5 16. Nd5 exf4 17. Bxf4 Rxf4 18. Nxf4 Qf6 19. Rf1 Bxb2 20. Rb1 Rf8 21. Qe2 Be5
22. Nd5 Bg3+ 23. Kd2 Qg5+ 24. Qe3 Qxe3+ 25. Nxe3 Rxf1 26. Rxb7+ Kh6 27. Nxf1
Bf4+ 28. Kd1 Nd4 29. gxh5 gxh5 30. Rxa7 Nhf5 31. a4 d5 1-0

[Event "4NCL chT 1995/96 3rd"]
[Site "Various"]
[Date "1996.01.20"]
[Round "3.43"]
[White "Littlewood, Paul E"]
[Black "Wall, Gavin"]
[Result "1-0"]
[WhiteElo "2445"]
[BlackElo "2265"]
[PlyCount "51"]
[EventDate "1995.11.25"]
[EventType "team-tourn"]
[EventRounds "13"]
[EventCountry "GBR"]
[SourceTitle "BritBase"]
[Source "britbase.info"]
[SourceDate "2021.07.30"]
[SourceVersion "1"]
[SourceVersionDate "2021.07.30"]
[SourceQuality "1"]
[WhiteTeam "Wood Green"]
[BlackTeam "Richmond"]
[WhiteTeamCountry "ENG"]
[BlackTeamCountry "ENG"]

1. d4 f5 2. e4 fxe4 3. Nc3 Nf6 4. Bg5 c6 5. f3 Qb6 6. fxe4 Qxb2 7. Bd2 d6 8.
Rb1 Qa3 9. Nf3 Qa5 10. e5 dxe5 11. dxe5 Ng4 12. Bc4 Ne3 13. Qe2 Nxc4 14. Qxc4
Nd7 15. Qf4 Qc5 16. Ne4 Qd5 17. O-O Nc5 18. Nxc5 Qxc5+ 19. Be3 Qxc2 20. Ng5
Qxa2 (20... g6 21. e6 Bxe6 22. Rxb7 Bd5 23. Bd2 a5 24. Qc7 Rd8 {1-0 is another
version of the game that has appeared elsewhere}) 21. e6 Bxe6 22. Rxb7 Bd5 23.
Bd2 a5 24. Qc7 Rd8 25. Rxf8+ Rxf8 26. Qxe7# {Source: Paul Littlewood} 1-0

[Event "4NCL chT 1995/96 3rd"]
[Site "Various"]
[Date "1996.01.20"]
[Round "3.52"]
[White "Parker, Jonathan"]
[Black "Cummings, David H"]
[Result "0-1"]
[WhiteElo "2480"]
[BlackElo "2350"]
[PlyCount "82"]
[EventDate "1995.11.25"]
[EventType "team-tourn"]
[EventRounds "13"]
[EventCountry "GBR"]
[SourceTitle "BritBase"]
[Source "britbase.info"]
[SourceDate "2021.07.30"]
[SourceVersion "1"]
[SourceVersionDate "2021.07.30"]
[SourceQuality "1"]
[WhiteTeam "Midland Monarchs"]
[BlackTeam "South Wales Dragons"]
[WhiteTeamCountry "ENG"]
[BlackTeamCountry "ENG"]

1. d4 Nf6 2. c4 g6 3. Nc3 Bg7 4. e4 d6 5. h3 O-O 6. Bg5 a6 7. Nf3 Nbd7 8. Qd2
c5 9. d5 b5 10. Bd3 bxc4 11. Bc2 Rb8 12. Rb1 Ne8 13. Bh6 e5 14. dxe6 fxe6 15.
Bxg7 Kxg7 16. h4 Rxf3 17. gxf3 Ne5 18. Ke2 Qf6 19. f4 Nc6 20. Qe3 Nd4+ 21. Kd2
Rb7 22. h5 Rf7 23. hxg6 hxg6 24. f5 gxf5 25. Ba4 Nc7 26. Qh3 Qg5+ 27. Ke1 Bb7
28. Qh8+ Kg6 29. Qg8+ Rg7 30. Be8+ Kf6 31. Qf8+ Ke5 32. f4+ Kxf4 33. Qxd6+ e5
34. Bh5 Qg3+ 35. Kd1 Qd3+ 36. Ke1 Nc2+ 37. Kf2 Qxd6 38. Ne2+ Kg5 39. Bf3 Qd2
40. Rbg1+ Kf6 41. Rh6+ Qxh6 {Source: South Wales Dragons} 0-1

[Event "4NCL chT 1995/96 3rd"]
[Site "Various"]
[Date "1996.01.20"]
[Round "3.53"]
[White "Zeidler, Sven P"]
[Black "Ledger, Andrew"]
[Result "0-1"]
[WhiteElo "2345"]
[BlackElo "2410"]
[PlyCount "98"]
[EventDate "1995.11.25"]
[EventType "team-tourn"]
[EventRounds "13"]
[EventCountry "GBR"]
[SourceTitle "BritBase"]
[Source "britbase.info"]
[SourceDate "2021.07.30"]
[SourceVersion "1"]
[SourceVersionDate "2021.07.30"]
[SourceQuality "1"]
[WhiteTeam "South Wales Dragons"]
[BlackTeam "Midland Monarchs"]
[WhiteTeamCountry "ENG"]
[BlackTeamCountry "ENG"]

1. e4 c6 2. d4 d5 3. f3 e6 4. Nc3 Bb4 5. Bf4 Nf6 6. Qd3 b6 7. Nge2 Ba6 8. Qe3
O-O 9. O-O-O Nbd7 10. g3 Rc8 11. Bh3 Bxe2 12. Nxe2 b5 13. e5 Ne8 14. Bg5 Be7
15. Bxe7 Qxe7 16. f4 Nb6 17. Kb1 Nc4 18. Qc1 Nc7 19. f5 exf5 20. Bxf5 Rb8 21.
Nf4 b4 22. Nh5 Kh8 23. Nf6 Nb5 24. Nxh7 Nc3+ 25. Ka1 Ne2 26. Qg5 Qxg5 27. Nxg5
Ne3 28. Rd2 Nxf5 29. Rxe2 Nxd4 30. Rf2 f6 31. Rhf1 Nxc2+ 32. Rxc2 fxg5 33.
Rxf8+ Rxf8 34. b3 Rc8 35. Kb2 Kh7 36. Rf2 Kg6 37. Kc2 Re8 38. Re2 Kf5 39. Rf2+
Ke6 40. Kd3 c5 41. g4 Rh8 42. Rf5 Rh3+ 43. Kc2 Rxh2+ 44. Kb1 d4 45. Rxg5 d3 46.
Kc1 Rxa2 47. Rxg7 Kxe5 48. Rd7 Ke4 49. g5 Rg2 {Source: South Wales Dragons} 0-1

[Event "4NCL chT 1995/96 3rd"]
[Site "Various"]
[Date "1996.01.20"]
[Round "3.54"]
[White "Turner, Matthew J"]
[Black "James, David J"]
[Result "1-0"]
[WhiteElo "2400"]
[BlackElo "2265"]
[PlyCount "35"]
[EventDate "1995.11.25"]
[EventType "team-tourn"]
[EventRounds "13"]
[EventCountry "GBR"]
[SourceTitle "BritBase"]
[Source "britbase.info"]
[SourceDate "2021.07.30"]
[SourceVersion "1"]
[SourceVersionDate "2021.07.30"]
[SourceQuality "1"]
[WhiteTeam "Midland Monarchs"]
[BlackTeam "South Wales Dragons"]
[WhiteTeamCountry "ENG"]
[BlackTeamCountry "ENG"]

1. c4 e5 2. Nc3 Nc6 3. g3 g6 4. Bg2 Bg7 5. e3 d6 6. Nge2 Nf6 7. d3 O-O 8. O-O
Ne7 9. b3 c6 10. Ba3 Qc7 11. Rc1 Rd8 12. Qd2 a6 13. d4 exd4 14. Qxd4 Bf5 15.
Bb2 d5 16. cxd5 Nfxd5 $4 17. Qxg7+ Kxg7 18. Nxd5+ {Source: South Wales Dragons}
1-0

[Event "4NCL chT 1995/96 3rd"]
[Site "Various"]
[Date "1996.01.20"]
[Round "3.55"]
[White "Morris, Charles F"]
[Black "Tozer, Richard"]
[Result "1-0"]
[WhiteElo "2200"]
[BlackElo "2400"]
[PlyCount "99"]
[EventDate "1995.11.25"]
[EventType "team-tourn"]
[EventRounds "13"]
[EventCountry "GBR"]
[SourceTitle "BritBase"]
[Source "britbase.info"]
[SourceDate "2021.07.30"]
[SourceVersion "1"]
[SourceVersionDate "2021.07.30"]
[SourceQuality "1"]
[WhiteTeam "South Wales Dragons"]
[BlackTeam "Midland Monarchs"]
[WhiteTeamCountry "ENG"]
[BlackTeamCountry "ENG"]

1. c4 g6 2. Nf3 Bg7 3. d4 f5 4. Nc3 Nf6 5. g3 O-O 6. Bg2 Qe8 7. O-O d6 8. Re1
Qf7 9. Qd3 h6 10. b3 Nc6 11. Ba3 Ne4 12. Rad1 Nxc3 13. Qxc3 g5 14. e3 a5 15.
Qd2 f4 16. d5 Ne5 17. Nxe5 Bxe5 18. exf4 gxf4 19. Bb2 Bg4 20. Bxe5 dxe5 21. f3
Bd7 22. Rxe5 Qg7 23. Rde1 Rf7 24. g4 Bxg4 25. fxg4 f3 26. Bxf3 Rxf3 27. Rxe7
Qxg4+ 28. Qg2 Qxg2+ 29. Kxg2 Rf7 30. R1e6 h5 31. Re5 a4 32. b4 a3 33. c5 h4 34.
d6 cxd6 35. cxd6 Rd8 36. Re8+ Rf8 37. Rxd8 Rxd8 38. Rd5 Kf7 39. d7 Ke6 40. Rd3
b5 41. Kh3 Ke7 42. Rd2 Ke6 43. Rd4 Ke5 44. Rd3 Kf4 45. Rd1 Ke5 46. Kxh4 Ke6 47.
Kg5 Ke7 48. Kg6 Rg8+ 49. Kh7 Rd8 50. Kg7 {Source: South Wales Dragons} 1-0

[Event "4NCL chT 1995/96 3rd"]
[Site "Various"]
[Date "1996.01.20"]
[Round "3.56"]
[White "Collinson, Adam"]
[Black "Williams, Leighton"]
[Result "1-0"]
[WhiteElo "2350"]
[BlackElo "2110"]
[PlyCount "67"]
[EventDate "1995.11.25"]
[EventType "team-tourn"]
[EventRounds "13"]
[EventCountry "GBR"]
[SourceTitle "BritBase"]
[Source "britbase.info"]
[SourceDate "2021.07.30"]
[SourceVersion "1"]
[SourceVersionDate "2021.07.30"]
[SourceQuality "1"]
[WhiteTeam "Midland Monarchs"]
[BlackTeam "South Wales Dragons"]
[WhiteTeamCountry "ENG"]
[BlackTeamCountry "ENG"]

1. e4 c5 2. Nf3 Nc6 3. Bb5 g6 4. O-O Bg7 5. Re1 e5 6. Bxc6 dxc6 7. d3 Nh6 8.
Nbd2 O-O 9. a4 Be6 10. Nc4 f6 11. a5 Nf7 12. Be3 Qe7 13. Nfd2 Bh6 14. Bxh6 Nxh6
15. Qe2 Nf7 16. Qe3 Nd8 17. f4 Bxc4 18. Nxc4 Ne6 19. fxe5 fxe5 20. Rf1 Nf4 21.
g3 Ne6 22. Qh6 Ng5 23. h4 Nf7 24. Qe3 Kg7 25. Rf3 Nd6 26. Nd2 Rxf3 27. Nxf3 Rf8
28. Rf1 Nf7 29. Nd2 Qd6 30. c3 Qe7 31. Nc4 Nh6 32. Rxf8 Qxf8 33. Nxe5 Qd6 34.
Qxh6+ {Source: South Wales Dragons} 1-0

[Event "4NCL chT 1995/96 3rd"]
[Site "Various"]
[Date "1996.01.20"]
[Round "3.57"]
[White "Adams, Mark"]
[Black "Hunt, Harriet"]
[Result "0-1"]
[WhiteElo "2100"]
[BlackElo "2335"]
[PlyCount "92"]
[EventDate "1995.11.25"]
[EventType "team-tourn"]
[EventRounds "13"]
[EventCountry "GBR"]
[SourceTitle "BritBase"]
[Source "britbase.info"]
[SourceDate "2021.07.30"]
[SourceVersion "1"]
[SourceVersionDate "2021.07.30"]
[SourceQuality "1"]
[WhiteTeam "South Wales Dragons"]
[BlackTeam "Midland Monarchs"]
[WhiteTeamCountry "ENG"]
[BlackTeamCountry "ENG"]

1. e4 c6 2. c4 d5 3. exd5 cxd5 4. d4 Nf6 5. Nc3 e6 6. Nf3 Bb4 7. cxd5 Nxd5 8.
Bd2 Nc6 9. Bd3 O-O 10. O-O Nf6 11. a3 Be7 12. Bf4 b6 13. Rc1 Bb7 14. Re1 Rc8
15. Bb1 g6 16. Ba2 Nd5 17. Nxd5 exd5 18. Rc3 Bf6 19. Rce3 Ba8 20. h3 Na5 21.
Bh6 Bg7 22. Bxg7 Kxg7 23. Qe2 Qf6 24. Ne5 Rc7 25. Rf3 Qd6 26. Re3 Rfc8 27. Rd3
Nc4 28. Rc3 b5 29. Nxc4 dxc4 30. Qe5+ Qxe5 31. dxe5 Bd5 32. Bb1 a5 33. Rce3 b4
34. axb4 axb4 35. Be4 Be6 36. Rc1 Ra7 37. Re2 Ra2 38. Bf3 Rc5 39. g4 Raa5 40.
Kg2 Rxe5 41. Rcc2 Ra2 42. Kg3 Rc5 43. Kf4 Kf6 44. Ke3 c3 45. bxc3 Rxc2 46. Rxc2
b3 {Source: South Wales Dragons} 0-1

[Event "4NCL chT 1995/96 3rd"]
[Site "Various"]
[Date "1996.01.20"]
[Round "3.58"]
[White "Dishman, Stephen"]
[Black "Furmage, Donna"]
[Result "1-0"]
[WhiteElo "2290"]
[BlackElo "2010"]
[PlyCount "53"]
[EventDate "1995.11.25"]
[EventType "team-tourn"]
[EventRounds "13"]
[EventCountry "GBR"]
[SourceTitle "BritBase"]
[Source "britbase.info"]
[SourceDate "2021.07.30"]
[SourceVersion "1"]
[SourceVersionDate "2021.07.30"]
[SourceQuality "1"]
[WhiteTeam "Midland Monarchs"]
[BlackTeam "South Wales Dragons"]
[WhiteTeamCountry "ENG"]
[BlackTeamCountry "ENG"]

1. d4 d5 2. Bg5 Nf6 3. Nd2 Nc6 4. e3 e6 5. Ngf3 Be7 6. c3 O-O 7. Bd3 h6 8. Bf4
Bd6 9. Ne5 Bd7 10. Qf3 Kh8 11. g4 Bxe5 12. dxe5 Nh7 13. h4 f6 14. exf6 Rxf6 15.
Qg3 e5 16. Bg5 Nxg5 17. hxg5 Rd6 18. gxh6 Rxh6 19. O-O-O Kg8 20. g5 Rxh1 21.
Rxh1 e4 22. Nxe4 dxe4 23. Bc4+ Kf8 24. Qf4+ Ke7 25. Qf7+ Kd6 26. Rd1+ Kc5 27.
Qd5+ {Source: South Wales Dragons} 1-0

[Event "4NCL chT 1995/96 3rd"]
[Site "Various"]
[Date "1996.01.21"]
[Round "4.22"]
[White "Mestel, A Jonathan"]
[Black "Parker, Jonathan"]
[Result "0-1"]
[WhiteElo "2515"]
[BlackElo "2480"]
[PlyCount "83"]
[EventDate "1995.11.25"]
[EventType "team-tourn"]
[EventRounds "13"]
[EventCountry "GBR"]
[SourceTitle "BritBase"]
[Source "britbase.info"]
[SourceDate "2021.07.30"]
[SourceVersion "1"]
[SourceVersionDate "2021.07.30"]
[SourceQuality "1"]
[WhiteTeam "British Chess Magazine"]
[BlackTeam "Midland Monarchs"]
[WhiteTeamCountry "ENG"]
[BlackTeamCountry "ENG"]

1. c4 e6 2. Nf3 Nf6 3. g3 b6 4. Bg2 Bb7 5. O-O Be7 6. d3 c5 7. e4 d6 8. Ne1 Nc6
9. f4 a6 10. Nc3 Qc7 11. Nc2 Rb8 12. g4 h6 13. h4 g5 14. e5 dxe5 15. fxg5 hxg5
16. Bxg5 Nh7 17. Bxe7 Qxe7 18. g5 f5 19. Qh5+ Kd7 20. Nd5 Qg7 21. Nxb6+ Kd6 22.
Qe2 Nxg5 23. hxg5 Qxg5 24. Rae1 Rbg8 25. Rf3 Rh4 26. Qf2 Rg4 27. Re2 Nd4 28.
Nxd4 cxd4 29. c5+ Ke7 30. Qf1 Qh5 31. Nc4 Bxf3 32. Qxf3 Rxg2+ 33. Qxg2 Rxg2+
34. Rxg2 Qd1+ 35. Kh2 Qh5+ (35... Qxd3 36. Nxe5 Qe3 37. Ng6+ Kd7 38. Nf8+ Kc6
39. Rg6 Kxc5 40. Nxe6+ {0-1 is the end as given by CB Mega Database 2022}) 36.
Kg1 Qd1+ 37. Kh2 Qxd3 38. Nxe5 Qe3 39. Ng6+ Kd7 40. Nf8+ Kc6 41. Rg6 Kxc5 42.
Nxe6+ 0-1

[Event "4NCL chT 1995/96 3rd"]
[Site "Various"]
[Date "1996.01.21"]
[Round "4.42"]
[White "Kosten, Anthony C"]
[Black "Kinsman, Andrew PH"]
[Result "1-0"]
[WhiteElo "2540"]
[BlackElo "2365"]
[PlyCount "81"]
[EventDate "1995.11.25"]
[EventType "team-tourn"]
[EventRounds "13"]
[EventCountry "GBR"]
[SourceTitle "BritBase"]
[Source "britbase.info"]
[SourceDate "2021.07.30"]
[SourceVersion "1"]
[SourceVersionDate "2021.07.30"]
[SourceQuality "1"]
[WhiteTeam "Slough"]
[BlackTeam "Guildford"]
[WhiteTeamCountry "ENG"]
[BlackTeamCountry "ENG"]

1. c4 Nf6 2. Nc3 c5 3. g3 Nc6 4. Bg2 e6 5. Nf3 Be7 6. O-O O-O 7. d4 d5 8. cxd5
Nxd5 9. Nxd5 exd5 10. dxc5 Bxc5 11. Ng5 Bd4 12. Qd3 g6 13. Nh3 Bg7 14. Nf4 d4
15. Bd2 Re8 16. Rac1 Bg4 17. h3 Bd7 18. Rc5 Qe7 19. Rfc1 Rac8 20. Qb3 d3 21. e3
Ne5 22. Rxc8 Bxc8 23. Nd5 Qd8 24. f4 Nc6 25. Qxd3 Bxb2 26. Rd1 Bg7 27. Bc3 Be6
28. Bxg7 Kxg7 29. Qc3+ f6 30. Kh2 Rf8 31. g4 h6 32. Kg3 Rf7 33. h4 Ne7 34. e4
Bxd5 35. exd5 Nc8 36. Re1 Kh7 37. Re6 b6 38. Qd3 f5 39. d6 Ne7 40. h5 Qd7 41.
Qe3 {Source: BCM, March 1996, p152} 1-0

[Event "4NCL chT 1995/96 3rd"]
[Site "Various"]
[Date "1996.01.21"]
[Round "4.51"]
[White "Emms, John M"]
[Black "Pritchett, Craig William"]
[Result "1-0"]
[WhiteElo "2500"]
[BlackElo "2350"]
[PlyCount "76"]
[EventDate "1995.11.25"]
[EventType "team-tourn"]
[EventRounds "13"]
[EventCountry "GBR"]
[SourceTitle "BritBase"]
[Source "britbase.info"]
[SourceDate "2021.07.30"]
[SourceVersion "1"]
[SourceVersionDate "2021.07.30"]
[SourceQuality "1"]
[WhiteTeam "Wood Green"]
[BlackTeam "Hertford"]
[WhiteTeamCountry "ENG"]
[BlackTeamCountry "ENG"]

1. e4 c5 2. c3 d5 3. exd5 Qxd5 4. d4 Nf6 5. Nf3 Bg4 6. Be2 e6 7. Na3 Nc6 8. Be3
cxd4 9. Nb5 Rc8 10. Nbxd4 Bc5 11. Qa4 O-O 12. Nxc6 Rxc6 13. Rd1 Qh5 14. Bxc5
Qxc5 15. O-O e5 16. Rd2 Bf5 17. Qb5 Qxb5 18. Bxb5 Rc5 19. Ba4 Bg4 20. Re1 Bxf3
21. gxf3 g5 22. Rd3 Rfc8 23. Rde3 b5 24. Bc2 Re8 25. b4 Rc7 26. Rxe5 Kf8 27.
Rxe8+ Nxe8 28. Bxh7 Rxc3 29. Re5 Nf6 30. Be4 Rc1+ 31. Kg2 Nh5 32. Rxg5 Nf4+ 33.
Kg3 Ne2+ 34. Kh4 a6 35. Rc5 Rh1 36. h3 Nf4 37. Rc6 Rg1 38. Rxa6 Rg7 {Source:
BCM, March 196, p152} 1-0

[Event "4NCL chT 1995/96 3rd"]
[Site "Various"]
[Date "1996.01.21"]
[Round "4.53"]
[White "Littlewood, Paul E"]
[Black "Duncan, Christopher R"]
[Result "1-0"]
[WhiteElo "2445"]
[BlackElo "2325"]
[PlyCount "83"]
[EventDate "1995.11.25"]
[EventType "team-tourn"]
[EventRounds "13"]
[EventCountry "GBR"]
[SourceTitle "BritBase"]
[Source "britbase.info"]
[SourceDate "2021.07.30"]
[SourceVersion "1"]
[SourceVersionDate "2021.07.30"]
[SourceQuality "1"]
[WhiteTeam "Wood Green"]
[BlackTeam "Hertford"]
[WhiteTeamCountry "ENG"]
[BlackTeamCountry "ENG"]

1. d4 d5 2. c4 dxc4 3. Nf3 Nf6 4. e3 e6 5. Bxc4 c5 6. O-O a6 7. a4 Nc6 8. Qe2
Qc7 9. Nc3 Bd6 10. h3 O-O 11. b3 b6 12. Bb2 Bb7 13. Rfd1 Na5 14. d5 Nxc4 15.
bxc4 exd5 16. Nxd5 Bxd5 17. cxd5 Nd7 18. Qc4 Rfe8 19. Rab1 Qd8 20. Bc3 Qe7 21.
Qg4 g6 22. Nd2 Be5 23. Qc4 Reb8 24. Ne4 Bxc3 25. Nxc3 Ne5 26. Qf4 Qd6 27. Ne4
Qe7 28. d6 Qe6 29. d7 Kg7 30. Qh4 Rd8 31. Ng5 Qf6 32. Qxh7+ Kf8 33. Ne4 Qg7 34.
Qh4 Rxd7 35. Rxd7 Nxd7 36. Rd1 f5 37. Ng5 Kg8 38. Rd6 Nf6 39. Qc4+ Kh8 40. Qe6
Rf8 41. Rxb6 Qd7 42. Qe5 {Source: Paul Littlewood} 1-0

[Event "4NCL chT 1995/96 3rd"]
[Site "Various"]
[Date "1996.01.21"]
[Round "4.71"]
[White "Bates, Richard"]
[Black "Cooper, John Grantley"]
[Result "1-0"]
[WhiteElo "2325"]
[BlackElo "2390"]
[PlyCount "71"]
[EventDate "1995.11.25"]
[EventType "team-tourn"]
[EventRounds "13"]
[EventCountry "GBR"]
[SourceTitle "BritBase"]
[Source "britbase.info"]
[SourceDate "2021.07.30"]
[SourceVersion "1"]
[SourceVersionDate "2021.07.30"]
[SourceQuality "1"]
[WhiteTeam "Richmond"]
[BlackTeam "South Wales Dragons"]
[WhiteTeamCountry "ENG"]
[BlackTeamCountry "ENG"]

1. d4 Nf6 2. Nf3 e6 3. c4 b6 4. g3 Bb7 5. Bg2 Bb4+ 6. Bd2 Be7 7. O-O O-O 8. Nc3
Na6 9. Rc1 c5 10. Bf4 cxd4 11. Nxd4 Bxg2 12. Kxg2 Nc5 13. f3 Nh5 14. Be3 Rc8
15. Qd2 Nf6 16. Rfd1 d5 17. cxd5 Nxd5 18. Nxd5 Qxd5 19. b4 Na4 20. Nc6 Bf6 21.
Qxd5 exd5 22. Bd4 Bg5 23. f4 Bd8 24. Nxa7 Ra8 25. Nc6 b5 26. Nxd8 Rfxd8 27. Rc7
h5 28. Rdc1 Re8 29. Kf3 Re6 30. Rb7 Rae8 31. Rc2 Re4 32. e3 Rxd4 33. exd4 Re4
34. Rxb5 Rxd4 35. Ke3 Rd1 36. Rd2 {Source: South Wales Dragons} 1-0

[Event "4NCL chT 1995/96 3rd"]
[Site "Various"]
[Date "1996.01.21"]
[Round "4.72"]
[White "Cummings, David H"]
[Black "McShane, Luke J"]
[Result "1/2-1/2"]
[WhiteElo "2350"]
[BlackElo "2295"]
[PlyCount "56"]
[EventDate "1995.11.25"]
[EventType "team-tourn"]
[EventRounds "13"]
[EventCountry "GBR"]
[SourceTitle "BritBase"]
[Source "britbase.info"]
[SourceDate "2021.07.30"]
[SourceVersion "1"]
[SourceVersionDate "2021.07.30"]
[SourceQuality "1"]
[WhiteTeam "South Wales Dragons"]
[BlackTeam "Richmond"]
[WhiteTeamCountry "ENG"]
[BlackTeamCountry "ENG"]

1. d4 Nf6 2. c4 g6 3. Nc3 Bg7 4. e4 d6 5. f3 O-O 6. Bg5 Nbd7 7. Qd2 c5 8. d5 a6
9. a4 Qb6 10. a5 Qc7 11. Nh3 e6 12. Be2 exd5 13. cxd5 c4 14. O-O Nc5 15. Bxc4
Bxh3 16. gxh3 b5 17. axb6 Qxb6 18. Kh1 Nfd7 19. Na4 Nxa4 20. Rxa4 Rfb8 21. Be3
Qxb2 22. Qxb2 Rxb2 23. Rxa6 Rxa6 24. Bxa6 Rb3 25. Bf4 Ne5 26. Kg2 Ra3 27. Bb5
Rb3 28. Ba6 Ra3 {Source: South Wales Dragons} 1/2-1/2

[Event "4NCL chT 1995/96 3rd"]
[Site "Various"]
[Date "1996.01.21"]
[Round "4.73"]
[White "Wall, Gavin"]
[Black "Zeidler, Sven P"]
[Result "1-0"]
[WhiteElo "2265"]
[BlackElo "2345"]
[PlyCount "47"]
[EventDate "1995.11.25"]
[EventType "team-tourn"]
[EventRounds "13"]
[EventCountry "GBR"]
[SourceTitle "BritBase"]
[Source "britbase.info"]
[SourceDate "2021.07.30"]
[SourceVersion "1"]
[SourceVersionDate "2021.07.30"]
[SourceQuality "1"]
[WhiteTeam "Richmond"]
[BlackTeam "South Wales Dragons"]
[WhiteTeamCountry "ENG"]
[BlackTeamCountry "ENG"]

1. e4 d5 2. exd5 Qxd5 3. Nc3 Qa5 4. d4 Nf6 5. Bc4 Nc6 6. d5 Ne5 7. Bb3 c6 8.
Qd4 Ned7 9. dxc6 bxc6 10. Qc4 Ne5 11. Qa4 Qxa4 12. Bxa4 Bd7 13. Be3 e6 14.
O-O-O Nc4 15. Bd4 Bd6 16. Nf3 Ke7 17. Rhe1 Rab8 18. Bb3 Nb6 19. g3 Rb7 20. Nh4
Bb4 21. a3 Bxc3 22. Bxc3 Rd8 23. Bb4+ Ke8 24. Nf5 {Source: South Wales Dragons}
1-0

[Event "4NCL chT 1995/96 3rd"]
[Site "Various"]
[Date "1996.01.21"]
[Round "4.74"]
[White "James, David J"]
[Black "Trifunovic, Aleksandar"]
[Result "1/2-1/2"]
[WhiteElo "2265"]
[BlackElo "2225"]
[PlyCount "53"]
[EventDate "1995.11.25"]
[EventType "team-tourn"]
[EventRounds "13"]
[EventCountry "GBR"]
[SourceTitle "BritBase"]
[Source "britbase.info"]
[SourceDate "2021.07.30"]
[SourceVersion "1"]
[SourceVersionDate "2021.07.30"]
[SourceQuality "1"]
[WhiteTeam "South Wales Dragons"]
[BlackTeam "Richmond"]
[WhiteTeamCountry "ENG"]
[BlackTeamCountry "ENG"]

1. d4 Nf6 2. c4 g6 3. Nc3 Bg7 4. e4 d6 5. f3 O-O 6. Bg5 c5 7. d5 h6 8. Bf4 Nh5
9. Be3 e5 10. Qd2 Kh7 11. Bd3 a6 12. Nge2 Nd7 13. g4 Nf4 14. Nxf4 exf4 15. Bxf4
Ne5 16. Be2 b5 17. cxb5 axb5 18. O-O b4 19. Nd1 Ba6 20. Ne3 c4 21. Bxe5 Bxe5
22. Nxc4 Bxc4 23. Bxc4 Qf6 24. Rab1 Bf4 25. Qd3 Rfe8 26. Rfe1 Qe5 27. Re2 {
Source: South Wales Dragons} 1/2-1/2